| 000 | 00572nam a22001817a 4500 | ||
|---|---|---|---|
| 003 | BD-DhUL | ||
| 005 | 20190616154157.0 | ||
| 008 | 181017s1951 ii ||||| |||| 00| 0 urd d | ||
| 040 |
_aBD-DhUL _cBD-DhUL |
||
| 082 |
_a891.431 _bNAK |
||
| 100 | 3 | 0 | _aنظیر اکبرآبادی۔ |
| 245 | 0 | 0 |
_aکلیات نظیر اکبرآبادی / _cنظیر اکبرآبادی۔ |
| 246 | _aKulliyyāt-e Nazīr Akbarābādī | ||
| 260 |
_aلکھنؤ : _bنول کشور پریس، _c۱۹۵۱۔ |
||
| 300 |
_aص۔ ۹۵۹ ؛ _c۲۵ سم۔ |
||
| 650 | 4 | _aUrdu poetry. | |
| 942 |
_2ddc _cBK |
||
| 999 |
_c248421 _d248421 |
||